LEADER 00925nam a2200229 i 4500 001 000000256637 003 CaOOAMICUS 005 20171212000000.0 008 171212s1865 it u000 u ita u 013 $a235545 040 $aSeMil$bita 245 10$aVol. 3. 260 $aMilano :$bCorona e Caimi,$c1865. 300 $a339 p. 490 0 $aCollana di storie e memorie contemporanee ;$v15 773 0 $aBeauharnais, Eugène : de <1781-1824>$tPrincipe Eugenio.$dMilano : Corona e Caimi, 1865-1866.$kCollana di storie e memorie contemporanee$g3$w()12845 830 0$aCollana di storie e memorie contemporanee ;$v15.$0(OLS)http://semarc/title/408459 850 $aSeMil 852 $aSeMil$W1$xVenegono$y1$m3T II 41 FA$j206983$B206983$CSeMilBibl$Z2$F220390 $8I 961 $aRecupero: Altro 996 $6245$aVol. 3$9(OLS)http://semarc/title/80712 996 $6260$aMilano :$bCorona e Caimi$9(OLS)http://semarc/publisher/55638 LEADER 01051nam a2200241 i 4500 001 000000235027 003 CaOOAMICUS 005 20141027000000.0 008 141027s2008 it u000 u ita u 013 $a213930 020 $a9782746821262 040 $aSeMil$bita 100 1 $aBrocanelli, Vincenzo .$0(OLS)http://semarc/name/93964 245 10$aFrancescani senza frontiere :$ble missioni dei frati minori nel mondo /$cVincenzo Brocanelli. 260 $aStrasbourg :$bÉditions du Signe,$c2008. 300 $a95 p. :$bin gran parte ill. ;$c26 cm. 650 4$aFrancescani - Storia.$0(OLS)http://semarc/subject/36852 850 $aSeMil 852 $aSeMil$W1$xVenegono$y1$m3G VI 142$j185373$B185373$CSeMilBibl$Z2$F196348 $81 961 $aOmaggio: Valli don Norberto 996 $6020$a9782746821262$9(OLS)http://semarc/number/239497 996 $6245$aFrancescani senza frontiere :$ble missioni dei frati minori nel mondo$9(OLS)http://semarc/title/335203 996 $6260$aStrasbourg :$bÉditions du Signe$9(OLS)http://semarc/publisher/36834